[Event "GER-chT U16 Girls"]
[Site "Magdeburg"]
[Date "2023.12.28"]
[Round "3.3"]
[White "Moldovan, Stela"]
[Black "Modali, Nikhilamrutha"]
[Result "1/2-1/2"]
[WhiteElo "1573"]
[BlackElo "1281"]
[PlyCount "44"]
[EventDate "2023.12.26"]
[EventType "team-swiss"]
[EventRounds "7"]
[EventCountry "GER"]
[SourceTitle "CB03_2024"]
[SourceDate "2024.01.17"]
[SourceVersion "1"]
[SourceVersionDate "2024.01.17"]
[SourceQuality "1"]
[WhiteTeam "Hohentuebingen"]
[BlackTeam "Hamburger SK"]
[WhiteTeamCountry "GER"]
[BlackTeamCountry "GER"]

1. d4 c5 2. e3 cxd4 3. exd4 Nf6 4. Nf3 g6 5. Bf4 Bg7 6. c3 d6 7. Bd3 0-0 8. Qc1 Re8 9. Bb5 Bd7 10. Bxd7 Nbxd7 11. 0-0 e5 12. dxe5 dxe5 13. Bh6 Bh8 14. h3 Qc7 15. Nbd2 Nh5 16. Ne4 Nf4 17. Qe3 Nf6 18. Rad1 N6d5 19. Qc5 Qxc5 20. Nxc5 b6 21. Nd3 Ne2+ 22. Kh1 e4 1/2-1/2

[Event "GER-ch U14 Girls"]
[Site "Willingen"]
[Date "2023.06.03"]
[Round "9"]
[White "Moldovan, Stela"]
[Black "Vogt, Luna"]
[Result "1-0"]
[WhiteElo "1335"]
[BlackElo "1345"]
[PlyCount "51"]
[EventDate "2023.05.27"]
[EventType "swiss"]
[EventRounds "9"]
[EventCountry "GER"]
[SourceTitle "CBM 214 Extra"]
[Source "ChessBase"]
[SourceDate "2023.07.31"]
[SourceVersion "1"]
[SourceVersionDate "2023.07.31"]
[SourceQuality "1"]

1. d4 d5 2. Nf3 c5 3. e3 cxd4 4. exd4 Nc6 5. h3 Nf6 6. Bd3 e6 7. Nbd2 Bd6 8. a3 0-0 9. b3 Re8 10. 0-0 b6 11. Bb2 Bb7 12. Ne5 Nd7 13. Bxh7+ Kf8 14. Nxc6 Bxc6 15. Bd3 Qf6 16. a4 Ke7 17. Qe2 Rh8 18. Nf3 Kf8 19. a5 Bc7 20. Ne5 Nxe5 21. dxe5 Qg5 22. f4 Qd8 23. a6 Qd7 24. Qg4 Bd8 25. f5 Rh4 26. Qg3 1-0

[Event "GER-ch U12 Girls"]
[Site "Willingen"]
[Date "2021.08.28"]
[Round "8"]
[White "Kutz, Ida Klara"]
[Black "Moldovan, Stela"]
[Result "0-1"]
[WhiteElo "1258"]
[BlackElo "1251"]
[PlyCount "58"]
[EventDate "2021.08.22"]
[EventType "swiss"]
[EventRounds "9"]
[EventCountry "GER"]
[SourceTitle "EXT 2022"]
[Source "ChessBase"]
[SourceDate "2021.10.06"]
[SourceVersion "1"]
[SourceVersionDate "2021.10.06"]
[SourceQuality "1"]

1. c4 c5 2. Nc3 g6 3. Nf3 Bg7 4. g3 Nc6 5. Bg2 e5 6. 0-0 d6 7. Rb1 Nge7 8. b3 0-0 9. Bb2 f5 10. e3 Be6 11. Ng5 Bd7 12. Nd5 h6 13. Nxe7+ Qxe7 14. Nf3 g5 15. d3 Be6 16. d4 Bd7 17. dxe5 dxe5 18. Qd2 f4 19. Rfd1 Rad8 20. Qd6 Qxd6 21. Rxd6 e4 22. Rg6 Rf7 23. Bxg7 Rxg7 24. Rxg7+ Kxg7 25. Nd2 f3 26. Bf1 Bf5 27. Rb2 Nb4 28. Nb1 Rd1 29. Nd2 Ra1 0-1

[Event "GER-ch U12 Girls"]
[Site "Willingen"]
[Date "2021.08.26"]
[Round "5"]
[White "Moldovan, Stela"]
[Black "Tran, Hanna Emilie Mai Ho"]
[Result "1-0"]
[WhiteElo "1251"]
[BlackElo "1077"]
[PlyCount "81"]
[EventDate "2021.08.22"]
[EventType "swiss"]
[EventRounds "9"]
[EventCountry "GER"]
[SourceTitle "EXT 2022"]
[Source "ChessBase"]
[SourceDate "2021.10.06"]
[SourceVersion "1"]
[SourceVersionDate "2021.10.06"]
[SourceQuality "1"]

1. d4 g6 2. Nf3 Bg7 3. e3 d6 4. c4 e5 5. Nc3 exd4 6. exd4 Nf6 7. Be2 0-0 8. Be3 Bf5 9. Nh4 Bd7 10. Nf3 Re8 11. 0-0 Ng4 12. Bd2 c5 13. d5 Bf5 14. Bg5 Bf6 15. Bf4 Nd7 16. Bxd6 Qb6 17. Nd2 Qxd6 18. Bxg4 Bd3 19. Be2 Bxe2 20. Nxe2 Bxb2 21. Rb1 Be5 22. Nf3 b6 23. Nxe5 Nxe5 24. Rc1 Ng4 25. Ng3 Re4 26. h3 Rd4 27. Qe2 Ne5 28. Rfd1 Rxd1+ 29. Rxd1 Rd8 30. Ne4 Qc7 31. d6 Qc6 32. Nf6+ Kf8 33. Qxe5 Re8 34. Nxe8 Qxe8 35. Qxe8+ Kxe8 36. d7+ Kd8 37. f4 f5 38. g4 h5 39. gxh5 gxh5 40. h4 a6 41. Rd5 1-0

[Event "GER-chT U14 Girls"]
[Site "Willingen"]
[Date "2021.06.25"]
[Round "3.6"]
[White "Moldovan, Stela"]
[Black "Foos, Vanessa"]
[Result "0-1"]
[WhiteElo "1336"]
[BlackElo "1380"]
[PlyCount "158"]
[EventDate "2021.06.23"]
[EventType "team-swiss"]
[EventRounds "7"]
[EventCountry "GER"]
[SourceTitle "EXT 2022"]
[Source "ChessBase"]
[SourceDate "2021.10.06"]
[SourceVersion "1"]
[SourceVersionDate "2021.10.06"]
[SourceQuality "1"]
[WhiteTeam "Hohentuebingen"]
[BlackTeam "Norderstedt"]
[WhiteTeamCountry "GER"]
[BlackTeamCountry "GER"]

1. d4 d5 2. Nf3 Nf6 3. e3 Bf5 4. Nbd2 e6 5. c4 Be7 6. b3 Nc6 7. Bb2 Nb4 8. Rc1 Nxa2 9. Ra1 Nb4 10. Rc1 0-0 11. Ne5 Nc6 12. Be2 Nxe5 13. dxe5 Ne4 14. 0-0 Nxd2 15. Qxd2 dxc4 16. Qc3 c6 17. Qxc4 Qb6 18. Bd4 Qb4 19. f4 Qxc4 20. Rxc4 Be4 21. Bxa7 Bd5 22. Ra4 Bxb3 23. Raa1 b5 24. Rfb1 Ba4 25. Bb6 Bc2 26. Rxa8 Rxa8 27. Rc1 Ra6 28. Bc7 Be4 29. Bd6 Kf8 30. Bxb5 Rb6 31. Be2 Rb1 32. Rxb1 Bxb1 33. Bxe7+ Kxe7 34. Kf2 Kd7 35. Bf3 Kc7 36. Ke2 c5 37. Kd2 Kb6 38. Kc3 Ba2 39. g4 f5 40. gxf5 exf5 41. Bd1 Kc6 42. Bf3+ Bd5 43. Be2 h6 44. h4 g6 45. h5 gxh5 46. Bxh5 Be6 47. Bg6 Kd5 48. Be8 Ke4 49. Kd2 Kf3 50. Bg6 c4 51. Be8 c3+ 52. Kxc3 Kxe3 53. Bg6 Kxf4 54. Kd3 Kxe5 55. Ke3 Bd5 56. Kf2 Kf4 57. Be8 Kg4 58. Bg6 f4 59. Be8 h5 60. Bd7+ Kg5 61. Bc8 Be4 62. Bd7 Kf6 63. Bb5 h4 64. Bf1 Bf5 65. Kg2 Kg5 66. Kh2 f3 67. Kg1 Kf4 68. Ba6 Kg3 69. Bc4 Be4 70. Ba6 f2+ 71. Kf1 Bg2+ 72. Ke2 f1Q+ 73. Ke3 Qxa6 74. Kd4 h3 75. Ke5 h2 76. Kd4 h1Q 77. Kc3 Qc6+ 78. Kb2 Qhc1+ 79. Ka2 Q6c2# 0-1

[Event "GER-chT U14 Girls"]
[Site "Willingen"]
[Date "2021.06.24"]
[Round "2.8"]
[White "Gerlach, Lorena"]
[Black "Moldovan, Stela"]
[Result "0-1"]
[WhiteElo "1040"]
[BlackElo "1336"]
[PlyCount "142"]
[EventDate "2021.06.23"]
[EventType "team-swiss"]
[EventRounds "7"]
[EventCountry "GER"]
[SourceTitle "EXT 2022"]
[Source "ChessBase"]
[SourceDate "2021.10.06"]
[SourceVersion "1"]
[SourceVersionDate "2021.10.06"]
[SourceQuality "1"]
[WhiteTeam "Paderborn"]
[BlackTeam "Hohentuebingen"]
[WhiteTeamCountry "GER"]
[BlackTeamCountry "GER"]

1. Nf3 d5 2. d4 Nf6 3. g3 e6 4. Bg2 Bd6 5. 0-0 Nbd7 6. c4 b6 7. Nbd2 Bb7 8. b3 Ne4 9. Nxe4 dxe4 10. Ng5 f5 11. Nxe6 Qf6 12. Nf4 0-0 13. Nh3 c5 14. Bb2 f4 15. Qd2 Qe7 16. dxc5 Bxc5 17. e3 f3 18. Bh1 Ne5 19. Nf4 Rad8 20. Qc3 Nd3 21. Nxd3 Rxd3 22. Qe5 Qd7 23. Rab1 Bd6 24. Qb5 Qc8 25. Rfd1 Rf5 26. c5 Rxc5 27. Qb4 Rh5 28. Qc4+ Qxc4 29. bxc4 Rc5 30. Rxd3 exd3 31. Rd1 Be4 32. Ba3 Rc6 33. Bxd6 Rxd6 34. Kf1 d2 35. h4 Bd3+ 36. Kg1 Bxc4 37. Bxf3 Bxa2 38. Kf1 Bc4+ 39. Be2 Bxe2+ 40. Kxe2 Kf7 41. f4 a5 42. Rxd2 Rxd2+ 43. Kxd2 b5 44. Kc3 Ke6 45. e4 g6 46. g4 Kf6 47. e5+ Ke6 48. Kb3 Kd5 49. Kc3 Kc5 50. f5 gxf5 51. gxf5 Kd5 52. e6 Kd6 53. Kb3 b4 54. Kc4 Ke7 55. Kb5 b3 56. Kc5 b2 57. Kd5 b1Q 58. Ke5 Qe1+ 59. Kf4 Qxh4+ 60. Ke5 Qf6+ 61. Kf4 a4 62. Ke4 a3 63. Kf4 a2 64. Ke4 a1Q 65. Kf4 Qae5+ 66. Kf3 Qfxf5+ 67. Kg2 Qe2+ 68. Kg3 Qe3+ 69. Kh2 Qh5+ 70. Kg2 Qef3+ 71. Kg1 Qhh1# 0-1

[Event "GER-ch U10 Girls"]
[Site "Willingen"]
[Date "2019.06.14"]
[Round "9"]
[White "Moldovan, Stela"]
[Black "Czaeczine, Paula"]
[Result "0-1"]
[WhiteElo "1193"]
[BlackElo "1170"]
[PlyCount "44"]
[EventDate "2019.06.08"]
[EventType "swiss"]
[EventRounds "11"]
[EventCountry "GER"]
[SourceTitle "EXT 2020"]
[Source "ChessBase"]
[SourceDate "2019.10.17"]
[SourceVersion "1"]
[SourceVersionDate "2019.10.17"]
[SourceQuality "1"]

1. e4 e5 2. Nf3 Nc6 3. Bb5 a6 4. Ba4 Nf6 5. d4 exd4 6. 0-0 Be7 7. Re1 b5 8. e5 Nxe5 9. Nxe5 bxa4 10. Qxd4 Rb8 11. Qxa4 Rb4 12. Qa5 0-0 13. Rd1 Bb7 14. a4 Rh4 15. Bg5 Rh5 16. Qd2 Ne4 17. Bxe7 Qxe7 18. Qxd7 Qxe5 19. Qd8 Qxh2+ 20. Kf1 Qf4 21. Qd4 Ng3+ 22. Ke1 Rh1# 0-1

[Event "GER-ch U10 Girls"]
[Site "Willingen"]
[Date "2019.06.12"]
[Round "6"]
[White "Mueller, Riyanna"]
[Black "Moldovan, Stela"]
[Result "0-1"]
[WhiteElo "918"]
[BlackElo "1193"]
[PlyCount "82"]
[EventDate "2019.06.08"]
[EventType "swiss"]
[EventRounds "11"]
[EventCountry "GER"]
[SourceTitle "EXT 2020"]
[Source "ChessBase"]
[SourceDate "2019.10.17"]
[SourceVersion "1"]
[SourceVersionDate "2019.10.17"]
[SourceQuality "1"]

1. e4 c5 2. Nc3 a6 3. a4 e6 4. f4 Nc6 5. Nf3 Nge7 6. Bc4 Qc7 7. e5 Ng6 8. 0-0 Nxf4 9. Qe1 Ng6 10. d3 Ncxe5 11. Nxe5 Qxe5 12. Qf2 f6 13. Re1 Qd4 14. Re2 Qxf2+ 15. Rxf2 d5 16. Bb3 c4 17. dxc4 Bc5 18. cxd5 Bxf2+ 19. Kxf2 Ke7 20. dxe6 Bxe6 21. Bxe6 Kxe6 22. Be3 Ne5 23. Bd4 Rhd8 24. Ne2 Ng4+ 25. Kg3 Ne5 26. Rd1 Rac8 27. c3 b5 28. a5 b4 29. cxb4 Rc2 30. Nf4+ Kf5 31. h4 Rxb2 32. Bxb2 Rxd1 33. Nh3 Rd3+ 34. Kh2 Rb3 35. Ba1 Rxb4 36. Bc3 Rc4 37. Bb2 Kg4 38. g3 Rc2+ 39. Kg1 Rxb2 40. Nf2+ Kxg3 41. Kf1 Rxf2+ 0-1

[Event "GER-ch U10 Girls"]
[Site "Willingen"]
[Date "2019.06.09"]
[Round "2"]
[White "Ezold, Johanna Sophie"]
[Black "Moldovan, Stela"]
[Result "1-0"]
[WhiteElo "1076"]
[BlackElo "1193"]
[PlyCount "86"]
[EventDate "2019.06.08"]
[EventType "swiss"]
[EventRounds "11"]
[EventCountry "GER"]
[SourceTitle "EXT 2020"]
[Source "ChessBase"]
[SourceDate "2019.10.17"]
[SourceVersion "1"]
[SourceVersionDate "2019.10.17"]
[SourceQuality "1"]

1. e4 c5 2. Bc4 e6 3. Nf3 d6 4. Nc3 Nf6 5. 0-0 Be7 6. d3 0-0 7. Bg5 Nc6 8. a3 h6 9. Bxh6 gxh6 10. Nh4 e5 11. Qf3 Nd4 12. Qg3+ Ng4 13. f3 Bxh4 14. Qh3 Ne3 15. g4 Nxf1 16. Rxf1 b5 17. Bd5 Rb8 18. Kh1 b4 19. axb4 cxb4 20. Nd1 Ne2 21. Ne3 Nf4 22. Qg2 Nxg2 23. Nxg2 Bg5 24. Ne1 Be6 25. Bc6 Qb6 26. Ba4 Bh4 27. Ng2 Bg5 28. c4 bxc3 29. bxc3 Qa5 30. Bd1 Qxc3 31. Rg1 Qxd3 32. f4 Bxf4 33. Ne1 Qxe4+ 34. Ng2 Bd5 35. g5 Qxg2+ 36. Rxg2 Bxg2+ 37. Kxg2 hxg5 38. Bg4 Rb2+ 39. Kh3 Rb4 40. Bf5 g4+ 41. Kh4 a5 42. Kh5 a4 43. Kh4 a3 1-0